| 000 | 00362nam a2200145Ia 4500 | ||
|---|---|---|---|
| 008 | 150301s2012 xx 000 0 und d | ||
| 082 |
_a612.015 _bH12M |
||
| 100 | _aMURRAY, ROBERT K. | ||
| 245 | _aHARPER'S ILLUSTRATED BIOCHEMISTRY | ||
| 250 | _a29TH | ||
| 260 |
_bMC GRAW HILL _aNEW YORK _c2012 |
||
| 300 | _a818 | ||
| 650 | _aBIOCHEMISTRY | ||
| 942 |
_2ddc _cBK _08 |
||
| 999 |
_c6628 _d6628 |
||